Harry Potter / Percy Jackson / Katniss Everdeen - Tile Select - Statistics

General Stats
  • This quiz has been taken 614 times
  • The average score is 22 of 30
Answer Stats
Question Tile Select % Correct
Their favorite weapon is a bow Harry Potter No
98%
Their favorite weapon is a bow Percy Jackson No
97%
Their favorite weapon is a bow Katniss Everdeen Yes
96%
Their adventures were written by a woman Percy Jackson No
95%
Is an only child Harry Potter Yes
93%
Is an only child Katniss Everdeen No
93%
Is always with their two bestfriends Harry Potter Yes
90%
Has to go in a labyrinth Percy Jackson Yes
90%
Didn't know their father indentity before turning 10 Katniss Everdeen No
89%
Is always with their two bestfriends Katniss Everdeen No
89%
Their adventures were written by a woman Harry Potter Yes
86%
Has to go in a labyrinth Katniss Everdeen No
86%
Didn't know their father indentity before turning 10 Percy Jackson Yes
84%
Is always with their two bestfriends Percy Jackson Yes
80%
Their adventures were written by a woman Katniss Everdeen Yes
75%
Doesn't have brown eyes Percy Jackson Yes
75%
Cannot use a phone in their daily life Percy Jackson Yes
75%
In the last book of the series, the main character is 17 years old Harry Potter Yes
74%
The first book of the series was published in the 2000's Percy Jackson Yes
70%
The first book of the series was published in the 2000's Harry Potter No
68%
Didn't know their father indentity before turning 10 Harry Potter No
65%
Doesn't have brown eyes Harry Potter Yes
61%
Is an only child Percy Jackson No
59%
In the last book of the series, the main character is 17 years old Percy Jackson No
56%
The first book of the series was published in the 2000's Katniss Everdeen Yes
55%
Cannot use a phone in their daily life Harry Potter Yes
52%
Has to go in a labyrinth Harry Potter Yes
41%
Cannot use a phone in their daily life Katniss Everdeen No
41%
In the last book of the series, the main character is 17 years old Katniss Everdeen Yes
29%
Doesn't have brown eyes Katniss Everdeen Yes
10%
No matching quizzes found
Score Distribution
Percent of People with Each Score
Percentile by Number Answered
Your Score History
You have not taken this quiz